What lies beneath (Record no. 76605)

MARC details
000 -LEADER
fixed length control field 01131cab a2200181 4500
001 - CONTROL NUMBER
control field ##L132754
008 - FIXED-LENGTH DATA ELEMENTS--GENERAL INFORMATION
fixed length control field 060306n2006 000 0 eng u
035 ## - SYSTEM CONTROL NUMBER
System control number (Sirsi) u132754
041 0# - LANGUAGE CODE
Language code of text/sound track or separate title eng
100 1# - MAIN ENTRY--PERSONAL NAME
Personal name Oliver, Alun
245 00 - TITLE STATEMENT
Title What lies beneath
260 ## - PUBLICATION, DISTRIBUTION, ETC.
Date of publication, distribution, etc. 2006
490 #0 - SERIES STATEMENT
Series statement Taxation
Volume/sequential designation 156(4044) 9 February 2006, 476-478(3)
520 ## - SUMMARY, ETC.
Summary, etc. Land remediation tax relief is aimed at encouraging many house-builders to move into brownfield regeneration. It was introduced under the Finance Act 2001, s70 and came into effect from May 2001. Since then, approximately £42 million of tax relief has been granted to those claiming the relief, either through their deductions from corporate tax or as payable tax credits. The land remediation tax relief incorporates a wide range of activities. It covers the carrying out of operations in relation to land and any controlled waters that affect that land by preventing them from and the effects of harm or pollution. It also contributes to the restoration of land and water to their former state.
590 ## - LOCAL NOTE (RLIN)
Local note IKA140306
690 ## - LOCAL SUBJECT ADDED ENTRY--TOPICAL TERM (OCLC, RLIN)
Topical term or geographic name as entry element Residential property
9 (RLIN) 6266
942 ## - ADDED ENTRY ELEMENTS (KOHA)
Suppress in OPAC 0
Holdings
Withdrawn status Lost status Source of classification or shelving scheme Damaged status Not for loan Home library Current library Shelving location Date acquired Total Checkouts Full call number Barcode Date last seen Copy number Price effective from Koha item type
    Dewey Decimal Classification     London London Journal article 06/03/2006   L132754 132754-1001 06/08/2019 1 06/08/2019 Journal article